[Event "SVK-chT1E 1718"]
[Site "Slovakia"]
[Date "2017.12.02"]
[Round "5.6"]
[White "Lukac, Jozef"]
[Black "Brnusak, Andrej"]
[Result "1/2-1/2"]
[WhiteElo "1993"]
[BlackElo "1914"]
[PlyCount "67"]
[EventDate "2017.10.21"]
[EventType "team-tourn"]
[EventRounds "11"]
[EventCountry "SVK"]
[SourceTitle "EXT 2019"]
[Source "ChessBase"]
[SourceDate "2018.10.10"]
[SourceVersion "1"]
[SourceVersionDate "2018.10.10"]
[SourceQuality "1"]
[WhiteTeam "Kezmarok"]
[BlackTeam "Liptov Chess School II"]
[WhiteTeamCountry "SVK"]
[BlackTeamCountry "SVK"]

1. Nf3 Nf6 2. g3 g6 3. Bg2 Bg7 4. 0-0 0-0 5. c4 d6 6. d4 Nc6 7. Nc3 e5 8. h3 Nd7 9. Bg5 f6 10. Be3 h6 11. Qc2 f5 12. dxe5 Ndxe5 13. Nxe5 Nxe5 14. c5 c6 15. cxd6 Qxd6 16. Rad1 Qe7 17. Na4 Rd8 18. Bc5 Qe8 19. Rxd8 Qxd8 20. Rd1 Qe8 21. f4 Nd7 22. Bf2 Nf6 23. Nc3 Be6 24. Kh2 a6 25. e4 fxe4 26. Nxe4 Bf5 27. Qb3+ Nd5 28. Nd6 Qe2 29. Bxd5+ cxd5 30. Qxd5+ Be6 31. Qd2 Qxd2 32. Rxd2 Bxa2 33. Nxb7 Rb8 34. Nc5 1/2-1/2

[Event "SVK-chT1E 1617"]
[Site "Slovakia"]
[Date "2016.11.19"]
[Round "3.6"]
[White "Hujo, Jozef"]
[Black "Lukac, Jozef"]
[Result "1-0"]
[WhiteElo "2033"]
[BlackElo "2022"]
[PlyCount "142"]
[EventDate "2016.10.15"]
[EventType "team-tourn"]
[EventRounds "11"]
[EventCountry "SVK"]
[SourceTitle "EXT 2018"]
[Source "ChessBase"]
[SourceDate "2017.10.13"]
[SourceVersion "1"]
[SourceVersionDate "2017.10.13"]
[SourceQuality "1"]
[WhiteTeam "Michalovce Zemplin"]
[BlackTeam "Kezmarok"]
[WhiteTeamCountry "SVK"]
[BlackTeamCountry "SVK"]

1. d4 Nf6 2. Nf3 e6 3. e3 b6 4. Bd3 Bb7 5. b3 Bb4+ 6. c3 Be7 7. Nbd2 d5 8. Qc2 Nbd7 9. 0-0 c5 10. Ne5 cxd4 11. Nxd7 Qxd7 12. exd4 Rc8 13. Nf3 Qc7 14. Bb2 Bd6 15. Rfe1 Ne4 16. Qe2 0-0 17. c4 f5 18. cxd5 exd5 19. Ne5 Bxe5 20. dxe5 Rce8 21. Rac1 Qe7 22. f3 Nc5 23. Ba3 Rc8 24. Bb1 Qe6 25. b4 Na4 26. b5 Nc5 27. Bb2 g6 28. Bd4 Rf7 29. Rc3 Rfc7 30. Rec1 Qe7 31. Bf2 Ne6 32. Rxc7 Rxc7 33. Rxc7 Qxc7 34. Qc2 Qxc2 35. Bxc2 Kf7 36. Kf1 Ke7 37. Ke1 Nc7 38. Bd3 Ke6 39. Bd4 Kd7 40. Kd2 Ke6 41. Kc3 Kd7 42. a4 Ne6 43. g4 fxg4 44. fxg4 Nc5 45. a5 Nxd3 46. Kxd3 bxa5 47. Bxa7 Bc8 48. Kd4 a4 49. Kxd5 a3 50. Bd4 a2 51. g5 Bb7+ 52. Kc5 Kc7 53. e6 Bc8 54. Be5+ Kd8 55. Kd6 Bb7 56. e7+ Ke8 57. Ke6 Bc8+ 58. Kf6 Bb7 59. b6 Bc6 60. Ba1 Bf3 61. h4 Bg2 62. Ke6 Bh1 63. Kd6 Bf3 64. Bf6 Bg2 65. Kc7 a1Q 66. Bxa1 Kxe7 67. b7 Bxb7 68. Kxb7 Ke6 69. Bc3 Kf5 70. Kc6 Kg4 71. Be1 Kh5 1-0

[Event "SVK-chT3B2 1516"]
[Site "Slovakia"]
[Date "2016.03.06"]
[Round "9.7"]
[White "Malinovsky, Jozef"]
[Black "Lukac, Jozef"]
[Result "1-0"]
[WhiteElo "1775"]
[BlackElo "1618"]
[PlyCount "59"]
[EventDate "2015.10.11"]
[EventType "team-tourn"]
[EventRounds "11"]
[EventCountry "SVK"]
[SourceTitle "EXT 2017"]
[Source "ChessBase"]
[SourceDate "2016.10.25"]
[SourceVersion "1"]
[SourceVersionDate "2016.10.25"]
[SourceQuality "1"]
[WhiteTeam "Povazska Bystrica III"]
[BlackTeam "Lehota pod Vtacnikom"]
[WhiteTeamCountry "SVK"]
[BlackTeamCountry "SVK"]

1. d4 Nf6 2. c4 e6 3. Nc3 Bb4 4. Qc2 h6 5. Bd2 c6 6. e3 d5 7. Bd3 Nbd7 8. Nf3 Qc7 9. a3 Bxc3 10. Bxc3 0-0 11. 0-0 Ng4 12. h3 Ngf6 13. Rfe1 Re8 14. Rac1 dxc4 15. Bxc4 Nb6 16. Ba2 Nbd5 17. Bd2 Nd7 18. Bb1 N5f6 19. e4 e5 20. dxe5 Nxe5 21. Nxe5 Qxe5 22. f4 Qd4+ 23. Be3 Qxe4 24. Qf2 Qd5 25. Rcd1 Qb5 26. Bd4 Rxe1+ 27. Rxe1 Bf5 28. Re5 Bxb1 29. Rxb5 Ne4 30. Qe1 1-0

[Event "SVK-chT2D 1314"]
[Site "Slovakia"]
[Date "2014.02.01"]
[Round "7.2"]
[White "Lukac, Jozef"]
[Black "Presalovic, Marcel"]
[Result "1/2-1/2"]
[WhiteElo "2101"]
[BlackElo "2122"]
[PlyCount "93"]
[EventDate "2013.10.19"]
[EventType "team-tourn"]
[EventRounds "11"]
[EventCountry "SVK"]
[SourceTitle "EXT 2015"]
[Source "ChessBase"]
[SourceDate "2014.11.20"]
[SourceVersion "1"]
[SourceVersionDate "2014.11.20"]
[SourceQuality "1"]
[WhiteTeam "Kezmarok II"]
[BlackTeam "Gelnica Slovan"]
[WhiteTeamCountry "SVK"]
[BlackTeamCountry "SVK"]

1. Nf3 Nf6 2. g3 Nc6 3. d4 d5 4. Bg2 Bf5 5. 0-0 e6 6. a3 Bd6 7. c4 dxc4 8. Qa4 0-0 9. Qxc4 h6 10. b4 Ne7 11. Nfd2 Bxb1 12. Rxb1 c6 13. b5 Rb8 14. e4 Bc7 15. a4 Bb6 16. Nb3 Rc8 17. Ba3 cxb5 18. Qxb5 Re8 19. a5 Bxd4 20. Nxd4 Qxd4 21. Qxb7 Nc6 22. Bb2 Qa4 23. Bxf6 gxf6 24. Ra1 Qb4 25. Rfb1 Qc5 26. Qb5 Qe7 27. a6 Nd4 28. Qh5 Kg7 29. Rb7 Rc7 30. Rab1 Rec8 31. e5 fxe5 32. Qxe5+ Qf6 33. Qxf6+ Kxf6 34. Rxc7 Rxc7 35. Be4 Ke5 36. Re1 f5 37. Bb7+ Kd6 38. Kg2 e5 39. Ra1 Rc2 40. Ra5 Nc6 41. Rb5 Rc5 42. Rb2 Nd4 43. Kh3 e4 44. g4 Ke5 45. gxf5 Kxf5 46. Rb4 Nc6 47. Ra4 1/2-1/2

[Event "SVK-chT1E 1314"]
[Site "Slovakia"]
[Date "2013.11.17"]
[Round "4.7"]
[White "Lukac, Jozef"]
[Black "Svrcek, Martin"]
[Result "1-0"]
[WhiteElo "2101"]
[BlackElo "2003"]
[PlyCount "33"]
[EventDate "2013.10.12"]
[EventType "team-tourn"]
[EventRounds "11"]
[EventCountry "SVK"]
[SourceTitle "EXT 2015"]
[Source "ChessBase"]
[SourceDate "2014.11.20"]
[SourceVersion "1"]
[SourceVersionDate "2014.11.20"]
[SourceQuality "1"]
[WhiteTeam "Kezmarok"]
[BlackTeam "Kysucke Nove Mesto"]
[WhiteTeamCountry "SVK"]
[BlackTeamCountry "SVK"]

1. Nf3 d5 2. c4 e6 3. b3 Nf6 4. Bb2 c5 5. cxd5 exd5 6. g3 Nc6 7. Bg2 Be7 8. 0-0 0-0 9. d4 b6 10. Nc3 Bb7 11. Rc1 Nxd4 12. Nxd4 cxd4 13. Nb5 Ba6 14. Nc7 Rc8 15. Nxa6 b5 16. b4 Qb6 17. Nc5 1-0

[Event "SVK-chT1E 1314"]
[Site "Slovakia"]
[Date "2013.10.13"]
[Round "2.7"]
[White "Veselovsky, Jan"]
[Black "Lukac, Jozef"]
[Result "1-0"]
[WhiteElo "2019"]
[BlackElo "2101"]
[PlyCount "153"]
[EventDate "2013.10.12"]
[EventType "team-tourn"]
[EventRounds "11"]
[EventCountry "SVK"]
[SourceTitle "EXT 2015"]
[Source "ChessBase"]
[SourceDate "2014.11.20"]
[SourceVersion "1"]
[SourceVersionDate "2014.11.20"]
[SourceQuality "1"]
[WhiteTeam "Bardejov"]
[BlackTeam "Kezmarok"]
[WhiteTeamCountry "SVK"]
[BlackTeamCountry "SVK"]

1. e4 c5 2. Nf3 d6 3. d4 cxd4 4. Nxd4 Nf6 5. Nc3 a6 6. Bc4 e5 7. Nf5 Be6 8. Qd3 Qc7 9. Ne3 Nbd7 10. Ned5 Nxd5 11. Nxd5 Qc6 12. b4 Rc8 13. Bb3 Bxd5 14. Bxd5 Qc7 15. 0-0 Be7 16. Be3 0-0 17. a4 Nf6 18. Bb3 Qc3 19. Bd2 Qxd3 20. cxd3 Rc7 21. Rac1 Rfc8 22. Rxc7 Rxc7 23. Rc1 Rxc1+ 24. Bxc1 d5 25. exd5 Bxb4 26. Bb2 Bd6 27. f3 Kf8 28. g4 Nd7 29. Kf2 Bc5+ 30. Ke2 Ke7 31. f4 f6 32. Kf3 exf4 33. h4 Bd6 34. d4 b5 35. axb5 axb5 36. Bc2 g6 37. h5 Kf7 38. hxg6+ hxg6 39. Bd3 b4 40. Bc1 g5 41. Ke4 Nb6 42. Bb5 Ke7 43. Bb2 Bc7 44. Bc1 Nc8 45. Ba6 Nd6+ 46. Kf3 f5 47. Bd3 Kf6 48. Bd2 Ba5 49. Bc1 Bb6 50. Bd2 Ba5 51. Bc1 b3 52. Ba3 Ne4 53. gxf5 Nd2+ 54. Kg4 Bc3 55. d6 Bxd4 56. d7 Bb6 57. Bc1 Ke7 58. Bxd2 Kxd7 59. Kxg5 f3 60. Bc3 Be3+ 61. Kg6 Bc5 62. Bb2 Bf8 63. Kf7 Bh6 64. f6 Kd6 65. Kg6 Bf8 66. Ba3+ Kd5 67. Bxf8 Kd4 68. f7 Kxd3 69. Bg7 f2 70. f8Q Ke2 71. Qe7+ Kf3 72. Qb7+ Ke2 73. Qg2 Ke1 74. Bc3+ Ke2 75. Bd4 Kd1 76. Qxf2 b2 77. Qxb2 1-0

[Event "SVK-chT2D 1213"]
[Site "Slovakia"]
[Date "2012.10.14"]
[Round "2.6"]
[White "Lukac, Jozef"]
[Black "Pcola, Jaroslav1111"]
[Result "1/2-1/2"]
[WhiteElo "2088"]
[BlackElo "2100"]
[PlyCount "58"]
[EventDate "2012.10.13"]
[EventType "team-tourn"]
[EventRounds "11"]
[EventCountry "SVK"]
[SourceTitle "EXT 2015"]
[Source "ChessBase"]
[SourceDate "2014.11.20"]
[SourceVersion "1"]
[SourceVersionDate "2014.11.20"]
[SourceQuality "1"]
[WhiteTeam "Kezmarok II"]
[BlackTeam "Humenne"]
[WhiteTeamCountry "SVK"]
[BlackTeamCountry "SVK"]

1. Nf3 Nf6 2. g3 d5 3. c4 e6 4. Bg2 Be7 5. 0-0 0-0 6. d4 Nbd7 7. Nc3 c6 8. b3 Ne4 9. Qc2 f5 10. Ne1 Bf6 11. cxd5 exd5 12. e3 Be7 13. Nd3 Bd6 14. b4 Nb6 15. f3 Nxc3 16. Qxc3 Qe7 17. Bd2 Nc4 18. Rfe1 Qg5 19. f4 Qe7 20. b5 Be6 21. bxc6 bxc6 22. Rab1 Rab8 23. Rb3 Rxb3 24. axb3 Nxd2 25. Qxd2 Rb8 26. Qc2 Rb6 27. h4 Qb7 28. Rb1 a5 29. Ra1 Bb4 1/2-1/2

[Event "SVK-chT2D 1112"]
[Site "Slovakia"]
[Date "2012.01.07"]
[Round "7"]
[White "Micek, Jaroslav"]
[Black "Lukac, Jozef"]
[Result "1/2-1/2"]
[WhiteElo "2073"]
[BlackElo "2112"]
[PlyCount "45"]
[EventDate "2011.10.08"]
[EventType "team-tourn"]
[EventRounds "11"]
[EventCountry "SVK"]
[SourceTitle "EXT 2013"]
[Source "ChessBase"]
[SourceDate "2012.11.22"]
[SourceVersion "1"]
[SourceVersionDate "2012.11.22"]
[SourceQuality "1"]
[WhiteTeam "Margecany OSK"]
[BlackTeam "Kezmarok KdV II"]
[WhiteTeamCountry "SVK"]
[BlackTeamCountry "SVK"]

1. d4 Nf6 2. Bg5 Ne4 3. Bf4 d5 4. Nd2 Nxd2 5. Qxd2 Bf5 6. e3 e6 7. Nf3 Nd7 8. Bd3 Bg6 9. 0-0 Nf6 10. c4 dxc4 11. Bxc4 Ne4 12. Qe2 c6 13. Ne5 Bd6 14. Rfd1 Nf6 15. h3 Bh5 16. f3 Nd5 17. Bh2 f6 18. e4 Nc7 19. Kh1 Qe7 20. Ng4 Bxg4 21. fxg4 Bxh2 22. Kxh2 0-0-0 23. Rab1 1/2-1/2

[Event "SVK-chT 1011"]
[Site "Slovakia"]
[Date "2011.05.07"]
[Round "10.5"]
[White "Priehoda, Vitezslav"]
[Black "Lukac, Jozef"]
[Result "1-0"]
[WhiteElo "2398"]
[BlackElo "2119"]
[PlyCount "107"]
[EventDate "2010.11.27"]
[EventType "team-tourn"]
[EventRounds "11"]
[EventCountry "SVK"]
[SourceTitle "EXT 2012"]
[Source "ChessBase"]
[SourceDate "2011.11.24"]
[SourceVersion "1"]
[SourceVersionDate "2011.11.24"]
[SourceQuality "1"]
[WhiteTeam "Prievidza"]
[BlackTeam "Kezmarok"]
[WhiteTeamCountry "SVK"]
[BlackTeamCountry "SVK"]

1. d4 Nf6 2. c4 e6 3. g3 Bb4+ 4. Bd2 Be7 5. Bg2 d5 6. Nf3 0-0 7. 0-0 Nbd7 8. Qc2 c6 9. b3 Re8 10. Nc3 h6 11. e4 dxe4 12. Nxe4 Nxe4 13. Qxe4 Nf6 14. Qc2 a5 15. Rad1 Bb4 16. Bxb4 axb4 17. Rfe1 Qa5 18. Re2 Bd7 19. Ne5 Rad8 20. Qd2 Bc8 21. Qe1 Rd6 22. c5 Rd5 23. Nc4 Qd8 24. Bxd5 Nxd5 25. Rd3 Qf6 26. Re5 Qg6 27. Qe4 Qxe4 28. Rxe4 Rd8 29. Nd6 b6 30. Rf3 Rf8 31. Re2 Bd7 32. cxb6 Nxb6 33. Nc4 Nd5 34. Ne5 Be8 35. Rc2 f6 36. Nxc6 Bh5 37. Re3 Bg6 38. Rd2 Re8 39. Re1 Kf7 40. Rc1 Ra8 41. Rc4 Bb1 42. Nxb4 Nxb4 43. Rxb4 Rc8 44. Rc4 Rd8 45. f3 Rd7 46. Kf2 Ke7 47. Ke3 Bg6 48. a4 Rb7 49. b4 Bf7 50. Rdc2 Kd7 51. Rc5 Be8 52. b5 Kd6 53. R5c4 Bd7 54. Rb4 1-0

[Event "SVK-chT2D 10/11"]
[Site "Slovakia"]
[Date "2010.10.24"]
[Round "2.1"]
[White "Pollak, Rudolf"]
[Black "Lukac, Jozef"]
[Result "0-1"]
[WhiteElo "1826"]
[BlackElo "2119"]
[PlyCount "74"]
[EventDate "2010.10.23"]
[EventType "team-tourn"]
[EventRounds "11"]
[EventCountry "SVK"]
[SourceTitle "EXT 2019"]
[Source "ChessBase"]
[SourceDate "2018.10.10"]
[SourceVersion "1"]
[SourceVersionDate "2018.10.10"]
[SourceQuality "1"]
[WhiteTeam "Zborov Magura"]
[BlackTeam "Kezmarok KdV II"]
[WhiteTeamCountry "SVK"]
[BlackTeamCountry "SVK"]

1. e4 c5 2. Nf3 d6 3. d4 cxd4 4. Nxd4 Nf6 5. Nc3 a6 6. Be2 e5 7. Nb3 Be6 8. Be3 b5 9. a3 Nbd7 10. 0-0 Be7 11. Nd2 Qc7 12. h3 0-0 13. Nf3 h6 14. Nh2 Qc6 15. Bf3 Rfc8 16. Rc1 Qb7 17. Ng4 b4 18. Nxf6+ Nxf6 19. Nd5 Bxd5 20. exd5 bxa3 21. bxa3 Qb2 22. a4 Rc7 23. c4 Rd8 24. a5 Nd7 25. Rc2 Qb4 26. Qb1 Rb8 27. Bb6 Qxb1 28. Rxb1 Rcb7 29. Rcb2 Bd8 30. Bg4 Bxb6 31. axb6 Rxb6 32. Rxb6 Rxb6 33. Ra1 Nc5 34. Bf5 Kf8 35. Kf1 g6 36. Rb1 Nb3 37. Bxg6 Nd2+ 0-1

[Event "SVK-chT2D 10/11"]
[Site "Slovakia"]
[Date "2010.10.23"]
[Round "1.1"]
[White "Lukac, Jozef"]
[Black "Istona, Martin"]
[Result "1-0"]
[WhiteElo "2119"]
[BlackElo "1905"]
[PlyCount "119"]
[EventDate "2010.10.23"]
[EventType "team-tourn"]
[EventRounds "11"]
[EventCountry "SVK"]
[SourceTitle "EXT 2019"]
[Source "ChessBase"]
[SourceDate "2018.10.10"]
[SourceVersion "1"]
[SourceVersionDate "2018.10.10"]
[SourceQuality "1"]
[WhiteTeam "Kezmarok KdV II"]
[BlackTeam "Sabinov II"]
[WhiteTeamCountry "SVK"]
[BlackTeamCountry "SVK"]

1. Nf3 Nf6 2. c4 g6 3. g3 Bg7 4. Bg2 0-0 5. 0-0 d6 6. d4 Nbd7 7. Nc3 e5 8. b3 Re8 9. Bb2 exd4 10. Nxd4 Nc5 11. Qc2 a5 12. Rad1 c6 13. Rfe1 Qe7 14. Ba3 Nfe4 15. Nxe4 Nxe4 16. e3 Nc5 17. Qd2 Bf8 18. h3 Bd7 19. Kh2 Ne4 20. Qc2 c5 21. Bxe4 Qxe4 22. Qxe4 Rxe4 23. Ne2 Bc6 24. Nc3 Ree8 25. Nd5 Bxd5 26. Rxd5 f6 27. Bb2 Kf7 28. a4 Re6 29. Red1 Rae8 30. Kg2 b6 31. g4 Ke7 32. Bc1 Kd7 33. f4 Be7 34. Kf3 Bf8 35. R1d3 R8e7 36. Bb2 Rf7 37. Bc3 Kc6 38. Be1 Bg7 39. f5 gxf5 40. gxf5 Re5 41. Rxd6+ Kc7 42. e4 Bf8 43. Rd8 Ree7 44. Bg3+ Kc6 45. Rc8+ Kb7 46. Rb8+ Ka7 47. Bf4 Bg7 48. Rd5 Rd7 49. Re8 Kb7 50. Re6 Bh8 51. Bg3 Bg7 52. Bh4 Kc7 53. Rxd7+ Rxd7 54. Bxf6 Bxf6 55. Rxf6 Rd3+ 56. Kg4 Re3 57. Re6 Kd7 58. Rxb6 Rxe4+ 59. Kg5 Ke7 60. Rb7+ 1-0

[Event "SVK-chT 0708"]
[Site "Slovakia"]
[Date "2007.10.21"]
[Round "2"]
[White "Sipos, Istvan"]
[Black "Lukac, Jozef"]
[Result "1-0"]
[WhiteElo "2337"]
[BlackElo "2135"]
[PlyCount "101"]
[EventDate "2007.10.20"]
[EventType "team-tourn"]
[EventRounds "11"]
[EventCountry "SVK"]
[SourceTitle "EXT 2019"]
[Source "ChessBase"]
[SourceDate "2018.10.10"]
[SourceVersion "1"]
[SourceVersionDate "2018.10.10"]
[SourceQuality "1"]
[WhiteTeam "Komarno"]
[BlackTeam "Kezmarok"]
[WhiteTeamCountry "SVK"]
[BlackTeamCountry "SVK"]

1. e4 c5 2. Nf3 d6 3. d4 cxd4 4. Qxd4 Nc6 5. Bb5 Bd7 6. Bxc6 bxc6 7. c4 Qb6 8. Qd3 Nf6 9. Nc3 e5 10. 0-0 Be7 11. b3 h6 12. Ba3 c5 13. Nh4 Rd8 14. Rae1 0-0 15. Bc1 Rfe8 16. Qf3 Bg4 17. Qg3 Be6 18. Bxh6 Nh5 19. Qf3 Nf4 20. Bxf4 Bxh4 21. Bc1 a6 22. Rd1 Be7 23. Nd5 Bxd5 24. Rxd5 a5 25. a4 Rb8 26. Rd3 Bd8 27. Qh5 g6 28. Qh6 Bf6 29. Rfd1 Bg7 30. Qh4 Re6 31. Bg5 Qc7 32. Qg4 Rbe8 33. h4 Rf8 34. Rf3 Qb7 35. Bd2 Qa8 36. Re1 Rfe8 37. g3 R8e7 38. h5 gxh5 39. Qxh5 Rg6 40. Kg2 Qa7 41. Rf5 Qb7 42. Qf3 Qa7 43. Rh1 Qc7 44. Qc3 Qb7 45. Qd3 Qa7 46. Qd5 Rf6 47. Qc6 Qb8 48. Bxa5 Rxf5 49. exf5 Bf6 50. Rh5 d5 51. Qxd5 1-0

[Event "SVK-chT2D 0708"]
[Site "Slovakia"]
[Date "2007.10.06"]
[Round "1.5"]
[White "Lukac, Jozef"]
[Black "Hlinka, Vasil"]
[Result "0-1"]
[WhiteElo "2135"]
[BlackElo "2156"]
[PlyCount "94"]
[EventDate "2007.10.06"]
[EventType "team-tourn"]
[EventRounds "11"]
[EventCountry "SVK"]
[SourceTitle "EXT 2010"]
[Source "ChessBase"]
[SourceDate "2010.11.25"]
[SourceVersion "1"]
[SourceVersionDate "2010.11.25"]
[SourceQuality "1"]
[WhiteTeam "Kezmarok KdV II"]
[BlackTeam "Kosice Slavia UPJS IV"]
[WhiteTeamCountry "SVK"]
[BlackTeamCountry "SVK"]

1. Nf3 d5 2. c4 c6 3. b3 Nf6 4. Bb2 Bf5 5. g3 e6 6. Bg2 Be7 7. 0-0 0-0 8. d3 Nbd7 9. Nbd2 h6 10. Re1 Bh7 11. Qc2 Bc5 12. a3 a5 13. cxd5 exd5 14. Bh3 Qb6 15. Rf1 Rfe8 16. Rae1 Rad8 17. Nb1 Be7 18. Bd4 c5 19. Be3 Qa6 20. Qb2 b5 21. Bd2 Bd6 22. Bxd7 Nxd7 23. Nc3 d4 24. Nd5 g5 25. e4 Bf8 26. Nc7 Qf6 27. Kg2 g4 28. Ng1 Re5 29. Bf4 Qc6 30. Bxe5 Nxe5 31. Nd5 Rxd5 32. exd5 Qxd5+ 33. f3 Nxd3 34. Qe2 Nxe1+ 35. Rxe1 Qxb3 36. fxg4 d3 37. Qd2 c4 38. Re8 Qc2 39. Qxc2 dxc2 40. Ne2 Kg7 41. Re3 Bd3 42. Nc1 Bxa3 43. Re1 Bxc1 44. Rxc1 b4 45. Kf2 b3 46. Ke3 b2 47. Kd2 b1N+ 0-1

[Event "SVK-chT1E 0607"]
[Site "Slovakia"]
[Date "2007.03.25"]
[Round "11.1"]
[White "Palecek, Peter"]
[Black "Lukac, Jozef"]
[Result "0-1"]
[WhiteElo "2266"]
[BlackElo "2142"]
[PlyCount "151"]
[EventDate "2006.10.07"]
[EventType "team-tourn"]
[EventRounds "11"]
[EventCountry "SVK"]
[SourceTitle "EXT 2008"]
[Source "ChessBase"]
[SourceDate "2007.11.25"]
[SourceVersion "1"]
[SourceVersionDate "2007.11.25"]
[SourceQuality "1"]
[WhiteTeam "Dunajov Inbest"]
[BlackTeam "Kezmarok KdV"]
[WhiteTeamCountry "SVK"]
[BlackTeamCountry "SVK"]

1. Nf3 Nf6 2. d4 e6 3. g3 b6 4. Bg2 Bb7 5. 0-0 Be7 6. c4 d6 7. Nc3 Nbd7 8. Re1 0-0 9. e4 e5 10. d5 Ne8 11. Qc2 a5 12. Rf1 Nc5 13. Ne1 Ba6 14. b3 Qd7 15. Be3 Bf6 16. a3 a4 17. Nxa4 Nxa4 18. bxa4 Bc8 19. Nd3 Qxa4 20. Qxa4 Rxa4 21. Nb2 Ra8 22. a4 Bd8 23. Bd2 f5 24. exf5 Bxf5 25. a5 bxa5 26. Rxa5 Rb8 27. Ra2 Nf6 28. Rc1 Ng4 29. Nd1 Nf6 30. Ne3 Be4 31. Bh3 Bg6 32. Be6+ Kh8 33. f3 Bf7 34. Bxf7 Rxf7 35. Kg2 Nd7 36. Ng4 h5 37. Nf2 Rb3 38. Ra8 Rf8 39. Rc3 Rxc3 40. Bxc3 Nb6 41. Ra2 Nxc4 42. Bd2 Kh7 43. Ne4 Kg6 44. Bc1 Nb6 45. Nc3 Bf6 46. Ra3 Rb8 47. Rb3 Ra8 48. Be3 Nc4 49. Bf2 Ra3 50. Rxa3 Nxa3 51. Kf1 Nc2 52. Nb5 Bd8 53. Ke2 Nb4 54. Nc3 c6 55. dxc6 Nxc6 56. Kd3 Kf5 57. Be3 Ke6 58. f4 d5 59. fxe5 Nxe5+ 60. Ke2 Bf6 61. Nb5 Nc6 62. Kd3 Bd8 63. Nc3 Ne5+ 64. Ke2 Ba5 65. Nd1 Nc6 66. Kd3 g6 67. Bc5 Ne5+ 68. Ke2 Kf5 69. h3 Nd7 70. Be3 Bc7 71. Nc3 Ke6 72. Kf3 Ne5+ 73. Kg2 Nc6 74. Ne2 Be5 75. g4 hxg4 76. hxg4 0-1

[Event "SVK-chT1E 0607"]
[Site "Slovakia"]
[Date "2007.02.11"]
[Round "9.3"]
[White "Lukac, Jozef"]
[Black "Najgebauer, Szemjon"]
[Result "0-1"]
[WhiteElo "2142"]
[BlackElo "2100"]
[PlyCount "72"]
[EventDate "2006.10.07"]
[EventType "team-tourn"]
[EventRounds "11"]
[EventCountry "SVK"]
[SourceTitle "EXT 2008"]
[Source "ChessBase"]
[SourceDate "2007.11.25"]
[SourceVersion "1"]
[SourceVersionDate "2007.11.25"]
[SourceQuality "1"]
[WhiteTeam "Kezmarok KdV"]
[BlackTeam "Kosice Slavia UPJS II"]
[WhiteTeamCountry "SVK"]
[BlackTeamCountry "SVK"]

1. Nf3 Nf6 2. b3 d5 3. Bb2 c5 4. e3 Nc6 5. d4 e6 6. Nbd2 Be7 7. Bd3 b6 8. 0-0 Bb7 9. Ne5 a6 10. f4 b5 11. c3 Rc8 12. Qe2 Qb6 13. Rae1 Rc7 14. Nxc6 Bxc6 15. Nf3 c4 16. Bb1 Ne4 17. b4 f6 18. Nh4 g6 19. g4 Kd8 20. Nf3 Kc8 21. Kg2 Kb7 22. h4 Rd7 23. Rh1 Qc7 24. Rh3 Bd6 25. Rf1 Rf7 26. Bc2 Rhf8 27. a4 e5 28. axb5 axb5 29. dxe5 fxe5 30. Bxe4 dxe4 31. Ng5 exf4 32. exf4 Rxf4 33. Rxf4 Rxf4 34. Re3 Qd7 35. Kh3 h5 36. Bc1 Rxg4 0-1

[Event "SVK-chT1E 0607"]
[Site "Slovakia"]
[Date "2006.10.08"]
[Round "2.1"]
[White "Jurcisin, Imrich"]
[Black "Lukac, Jozef"]
[Result "1-0"]
[WhiteElo "2139"]
[BlackElo "2142"]
[PlyCount "113"]
[EventDate "2006.10.07"]
[EventType "team-tourn"]
[EventRounds "11"]
[EventCountry "SVK"]
[SourceTitle "EXT 2008"]
[Source "ChessBase"]
[SourceDate "2007.11.25"]
[SourceVersion "1"]
[SourceVersionDate "2007.11.25"]
[SourceQuality "1"]
[WhiteTeam "Kosice sachy.sk	 II"]
[BlackTeam "Kezmarok KdV"]
[WhiteTeamCountry "SVK"]
[BlackTeamCountry "SVK"]

1. e4 c5 2. Nf3 d6 3. d4 cxd4 4. Nxd4 a6 5. c4 Nf6 6. Nc3 Qc7 7. Be2 g6 8. Be3 Bg7 9. 0-0 0-0 10. Rc1 Nbd7 11. Nd5 Qd8 12. f3 e6 13. Nc3 Qc7 14. b4 b6 15. Rf2 Bb7 16. Bf1 Rac8 17. Rd2 Rfd8 18. Nb3 Ne8 19. Bg5 Ndf6 20. Bf4 e5 21. Be3 Nd7 22. Nd5 Bxd5 23. Rxd5 Bf6 24. a4 Be7 25. c5 dxc5 26. Bxa6 Ndf6 27. Rxd8 Rxd8 28. Qe2 Qd7 29. Bb5 Qe6 30. Bc4 Qd7 31. bxc5 bxc5 32. Bb5 Qe6 33. Nxc5 Bxc5 34. Bxc5 Nc7 35. Rd1 Rxd1+ 36. Qxd1 Nxb5 37. Qd8+ Ne8 38. axb5 Kg7 39. Be7 Qc4 40. Qxe8 Qc1+ 41. Kf2 Qd2+ 42. Kg3 Qf4+ 43. Kh3 Qh6+ 44. Bh4 g5 45. Qxe5+ f6 46. Qg3 Qg6 47. b6 Qe8 48. Bxg5 fxg5 49. Qxg5+ Kh8 50. b7 h6 51. Qf6+ Kh7 52. g4 Qb5 53. Qf7+ Kh8 54. Qf8+ Kh7 55. b8Q Qf1+ 56. Kh4 Qf2+ 57. Qg3 1-0

[Event "SVK-chT1E 0506"]
[Site "Slovakia"]
[Date "2006.02.05"]
[Round "9"]
[White "Lukac, Jozef"]
[Black "Koval, Anton"]
[Result "0-1"]
[WhiteElo "2136"]
[BlackElo "2189"]
[PlyCount "74"]
[EventDate "2005.10.15"]
[EventType "team"]
[EventRounds "11"]
[EventCountry "SVK"]
[SourceTitle "EXT 2009"]
[Source "ChessBase"]
[SourceDate "2008.11.26"]
[SourceVersion "1"]
[SourceVersionDate "2008.11.26"]
[SourceQuality "1"]

1. Nf3 c5 2. c4 Nc6 3. g3 g6 4. Bg2 Bg7 5. 0-0 Nf6 6. Nc3 0-0 7. d4 cxd4 8. Nxd4 Ng4 9. e3 Nge5 10. Qe2 d6 11. Rd1 Bg4 12. f3 Bd7 13. b3 a6 14. Bb2 Rc8 15. Kh1 h5 16. Rd2 Qa5 17. Nd5 Rfe8 18. Bc3 Qd8 19. Bb2 b5 20. cxb5 Nxd4 21. Bxd4 Bxb5 22. Qd1 Bc6 23. Nb4 Bb7 24. f4 Bxg2+ 25. Rxg2 Qa5 26. Nc2 Ng4 27. Bxg7 Kxg7 28. h3 Nf6 29. Nd4 Qc3 30. Qe1 e5 31. fxe5 Rxe5 32. Rc2 Qxd4 33. Rxc8 Rxe3 34. Qg1 Ne4 35. Rd1 Nf2+ 36. Qxf2 Qxd1+ 37. Qg1 Re1 0-1

[Event "SVK-chT2E 0102"]
[Site "Slovakia"]
[Date "2001.??.??"]
[Round "5"]
[White "Giertli, Vladimir"]
[Black "Lukac, Jozef"]
[Result "1/2-1/2"]
[WhiteElo "2163"]
[BlackElo "2103"]
[PlyCount "144"]
[EventDate "2001.10.??"]
[EventType "team"]
[EventRounds "11"]
[EventCountry "SVK"]
[SourceTitle "EXT 2006"]
[Source "ChessBase"]
[SourceDate "2005.11.24"]
[SourceVersion "1"]
[SourceVersionDate "2005.11.24"]
[SourceQuality "1"]

1. Nf3 Nf6 2. g3 b6 3. Bg2 Bb7 4. d3 e5 5. e4 d6 6. 0-0 g6 7. c3 Bg7 8. Re1 0-0 9. Qc2 c5 10. Nbd2 Nc6 11. a4 Qc7 12. Nc4 a6 13. Qb3 Na5 14. Nxa5 bxa5 15. Nd2 Rab8 16. Qc2 Bc8 17. Nc4 Be6 18. Re2 Bxc4 19. dxc4 Rfe8 20. Bf3 Qd7 21. Qd3 h6 22. Re1 Qe6 23. Kg2 Rb6 24. h3 h5 25. Bd1 Kh7 26. b3 Qc8 27. Bg5 Ng8 28. Bc2 f6 29. Be3 Qb7 30. Kh2 Nh6 31. Rab1 Qe7 32. Rbd1 Qf7 33. Rf1 Qe6 34. Bd2 Rf8 35. Rde1 Rg8 36. f4 Qc8 37. f5 g5 38. Qe2 Qe8 39. g4 hxg4 40. hxg4 Rh8 41. Kg3 Kg8 42. Qd3 Nf7 43. Be3 Qc6 44. Rd1 Kf8 45. Rh1 Ke7 46. Rxh8 Bxh8 47. Rb1 Bg7 48. Bd2 Qa8 49. Rh1 Rb8 50. Be1 Qc6 51. Bf2 Kf8 52. Be3 Kg8 53. Bc1 Kf8 54. Ba3 Ke7 55. Rb1 Ke8 56. Qe2 Ke7 57. Qg2 Qa8 58. Qd2 Qc6 59. Rh1 Kf8 60. Kf3 Kg8 61. Rh5 Rd8 62. Qd3 Rb8 63. Bc1 Qa8 64. Be3 Qc6 65. Qd2 Qb7 66. Qh2 Qe7 67. Qd2 Qb7 68. Qd3 Qc6 69. Bd2 Rd8 70. Qd5 Qxd5 71. cxd5 Rb8 72. c4 Rb4 1/2-1/2